|
|
|
|
| LEADER |
00991nam a2200241 a 4500 |
| 001 |
GR-MES13253 |
| 008 |
070928s gr b 000 0 gre d |
| 020 |
|
|
|a 0632048859
|
| 040 |
|
|
|a GrPaTEI
|b gre
|c GR-PaULI
|
| 040 |
|
|
|a GrPaTEI
|b gre
|c GR-PaULI
|
| 082 |
|
0 |
|a 631.4
|2 21
|
| 100 |
1 |
|
|a Ashman, M.R.
|
| 245 |
1 |
0 |
|a Essential soil science :
|b a clear and concise introduction to soil science: M. R. Ashman.
|
| 260 |
|
|
|a Madlen :
|b Blackwell,
|c c2002
|
| 300 |
|
|
|a vi
|a 198σ. :
|b εικ. ;
|c 25εκ.
|
| 504 |
|
|
|a Περιλαμβάνει βιβλιογραφικές παραπομπές
|
| 650 |
|
0 |
|a Soil science
|
| 650 |
|
4 |
|a Εδαφολογία
|
| 700 |
1 |
|
|a Puri, G.
|
| 942 |
|
|
|2 ddc
|
| 952 |
|
|
|0 0
|1 0
|2 ddc
|4 0
|6 631_400000000000000_ASH
|7 0
|9 271764
|a MSLG
|b MSLG
|c BSC
|d 2021-01-17
|e 24
|f 0
|g 0.00
|l 0
|o 631.4 ASH
|p 2420000019541
|r 2021-01-17 00:00:00
|t 1
|v 2021.00
|w 2021-01-17
|y BK15
|x Μεταφορά από Αμαλιάδα (18/10/22)
|x GrPaTEI
|
| 971 |
|
|
|a .b25793019
|b 15-04-20
|c 13-09-16
|
| 999 |
|
|
|c 157036
|d 157036
|